|
|
|
|
| LEADER |
00000nam0a2200000 4500 |
| 001 |
123168 |
| 005 |
20231101215806.0 |
| 035 |
|
|
|a (RuTPU)RU\TPU\book\133339
|
| 090 |
|
|
|a 123168
|
| 100 |
|
|
|a 20071012d1987 m a0rusy5003 ca
|
| 101 |
0 |
|
|a rus
|
| 102 |
|
|
|a RU
|
| 105 |
|
|
|a a z 000gy
|
| 200 |
1 |
|
|a Баллады
|f Л. И. Ошанин
|g авт. предисл. В. Ларцев; худож. Вл.. Медведев
|
| 210 |
|
|
|a Москва
|c Художественная литература
|d 1987
|
| 215 |
|
|
|a 255 с.
|c ил.
|d 20 см
|
| 600 |
|
0 |
|a Ибн Сина (Авиценна)
|c персидский учёный, философ, врач, музыкант
|c полное имя Абу Али Хусейн ибн Абдуллах ибн аль-Хасан ибн Али ибн Сина
|f 980-1037
|2 stltpush
|3 (RuTPU)RU\TPU\pers\9647
|9 1919
|
| 600 |
|
0 |
|a Александр Македонский (Великий)
|d III
|c полководец, царь Македонии 336-323 до н.э. из рода Аргеадов
|f 356-324 до н.э.
|2 stltpush
|3 (RuTPU)RU\TPU\pers\6841
|
| 610 |
1 |
|
|a советская литература
|
| 610 |
1 |
|
|a поэзия
|
| 675 |
|
|
|a Р2
|z rus
|
| 700 |
|
1 |
|a Ошанин
|b Л. И.
|c русский поэт
|f 1912-1996
|g Лев Иванович
|2 stltpush
|3 (RuTPU)RU\TPU\pers\7212
|9 1357
|
| 702 |
|
1 |
|a Ларцев
|b В.
|4 080
|
| 702 |
|
1 |
|a Медведев
|b Вл..
|4 440
|
| 801 |
|
0 |
|a RU
|b RuMRKP
|c 19950704
|g psbo
|
| 801 |
|
2 |
|a RU
|b 63413507
|c 20190606
|g PSBO
|
| 942 |
|
|
|c BK
|